000 00693nam a2200205Ia 4500
001 14638
003 GE_BSU
008 181216s||||||||xx |||||||||||||| ||und||
040 _cGE_BSU
080 _a821.353.1-31
100 _aშენგელაია,დემნა
245 _aბათა ქექია. წითელი ყაყაჩო
245 _cრედ.ც.ჩხეიძე. მხატვ.ს.ბოტკოველი
260 _aთბილისი
260 _bსახელგამი
260 _c1954
300 _a436გვ.1ფ.პორტრ.
653 _aბათა ქექია. წითელი ყაყაჩო
942 _cBK
999 _c47766
_d47766